| 000 | 00576cam a22001577a 4500 | ||
|---|---|---|---|
| 008 | 180718b1982 xxu||||| |||| 00| 0 eng d | ||
| 082 | _aZ465x5451 R15 | ||
| 100 | _aRanade, C.G. | ||
| 245 |
_aGroundnut marketing: a study of cooperative and private trade channels _cby C.G. Ranade, K.H. Rao and D.C. Sah |
||
| 260 |
_aAhmedabad _bInstitute of Management, Centre for Mangement in Agricultural _c1982 |
||
| 300 | _a87p. | ||
| 440 | _aCMA Monography, No.22 | ||
| 650 | _aAgricultural marketing cooperative - India - Andhra Pradesh | ||
| 700 | _aSah, D.C. | ||
| 700 | _aRao, K.H. | ||
| 999 |
_c352140 _d352140 |
||